Z histórie a života Ekonomickej univerzity v Bratislave

Podrobnejší pohľad na vývoj ekonomického vzdelávania na území bývalej Rakúsko-uhorskej monarchie až po začiatky založenia Vysokej obchodnej školy v Bratislave.

Salvato in:
Dettagli Bibliografici
Autore principale: Mruškovič, Jozef
Natura: Capitolo di libro
Lingua:slovacco
Soggetti:
Tags: Aggiungi Tag
Nessun Tag, puoi essere il primo ad aggiungerne!!

MARC

LEADER 00000naa a2200000 4500
001 r041035
005 20230808083405.1
041 0 |a slo 
044 |a SK 
245 1 0 |a Z histórie a života Ekonomickej univerzity v Bratislave  |c Jozef Mruškovič 
520 |a Podrobnejší pohľad na vývoj ekonomického vzdelávania na území bývalej Rakúsko-uhorskej monarchie až po začiatky založenia Vysokej obchodnej školy v Bratislave. 
610 2 0 |a vzdelávanie 
610 2 0 |a história 
610 2 0 |a Slovensko 
610 2 0 |a ekonómia 
610 2 0 |a školy vysoké 
100 1 |a Mruškovič, Jozef